[Event "FSFMB December 2011"]
[Site "Budapest HUN"]
[Date "2011.12.07"]
[Round "5"]
[White "Lukacs,Albert"]
[Black "Engelbrecht,I"]
[Result "1/2-1/2"]
[WhiteElo "1715"]
[BlackElo "1651"]
[WhiteFideId "767190"]
[BlackFideId "733563"]
[EventDate "2011.12.03"]

1. e4 e5 2. Nf3 Nc6 3. Bb5 d6 4. Nc3 Nf6 5. O-O Bd7 6. Bxc6 Bxc6 7. d3 Be7 8.
Be3 O-O 9. d4 exd4 10. Nxd4 Nxe4 11. Nxc6 Nxc3 12. Nxd8 Nxd1 1/2-1/2

[Event "FSFMB December 2011"]
[Site "Budapest HUN"]
[Date "2011.12.08"]
[Round "6"]
[White "Somogyi,Akos"]
[Black "Lukacs,Albert"]
[Result "0-1"]
[WhiteElo "1258"]
[BlackElo "1715"]
[WhiteFideId "763330"]
[BlackFideId "767190"]
[EventDate "2011.12.03"]

1. e4 c5 2. Nf3 e6 3. d4 cxd4 4. Nxd4 Qc7 5. Nc3 a6 6. Be2 Bd6 7. g3 Bb4 8. Bd2
Nf6 9. Bf3 O-O 10. O-O Nc6 11. Nxc6 bxc6 12. a3 Be7 13. Re1 e5 14. Bg5 Bb7 15.
Bxf6 Bxf6 16. Na4 Be7 17. c4 d6 18. Qb3 Rad8 19. Rad1 Kh8 20. Rd3 Bc8 21. Bg2
Be6 22. f4 f5 23. Qb6 Qxb6+ 24. Nxb6 d5 25. exf5 Bxf5 26. Rd2 Bc5+ 27. Kh1 Bxb6
28. cxd5 cxd5 29. Rxd5 Rxd5 30. Bxd5 e4 31. Bxe4 Re8 0-1

[Event "FSFMB December 2011"]
[Site "Budapest HUN"]
[Date "2011.12.08"]
[Round "6"]
[White "Shan,H"]
[Black "Naghib,P"]
[Result "0-1"]
[WhiteElo "1567"]
[BlackElo "1653"]
[WhiteFideId "700401"]
[BlackFideId "12511200"]
[EventDate "2011.12.03"]

1. d4 d5 2. Bf4 Nf6 3. e3 c5 4. c3 Nc6 5. Nf3 Qb6 6. Qc1 Bf5 7. Nbd2 cxd4 8.
exd4 Rc8 9. a3 h6 10. Be5 e6 11. Bxf6 gxf6 12. Be2 Bd6 13. Nh4 Bh7 14. Ndf3 Be4
15. O-O f5 16. Rd1 Rc7 17. Bd3 f6 18. Bxe4 fxe4 19. Ne1 Rg7 20. f3 Qc7 21. fxe4
Bxh2+ 22. Kf1 dxe4 23. d5 Na5 24. Qc2 Qc4+ 0-1

[Event "FSFMB December 2011"]
[Site "Budapest HUN"]
[Date "2011.12.08"]
[Round "6"]
[White "Mihajlova,D"]
[Black "Takacs,K"]
[Result "0-1"]
[WhiteElo "1454"]
[BlackElo "1788"]
[WhiteFideId "468444"]
[BlackFideId "741833"]
[EventDate "2011.12.03"]

1. e4 c5 2. Nf3 d6 3. d3 Nc6 4. Be3 Nf6 5. Be2 g6 6. h3 Bg7 7. Qd2 Nxe4 8. dxe4
Bxb2 9. Bh6 Bxa1 10. c3 Qb6 11. O-O Qb2 12. Qe3 Be6 13. Nfd2 Qxa2 14. Bb5 a6 15.
Bxc6+ bxc6 16. e5 O-O-O 17. exd6 exd6 18. Ne4 Bf5 19. Rd1 Bxe4 20. Qxe4 Kc7 21.
Qe7+ Rd7 22. Qf6 Qc2 23. Rc1 Qxc1+ 24. Bxc1 Rb8 25. Nd2 a5 26. Qf3 Re7 27. Kh2
f5 28. Nc4 a4 29. Nxd6 a3 30. Bxa3 Kxd6 31. Qd3+ Kc7 32. Bxc5 Rd7 33. Qg3+ Kc8
34. Qe5 Kb7 35. Qe3 Ra8 36. Bb4 Bb2 37. Qc5 Bc1 38. Ba5 Bf4+ 39. g3 Bc7 40. Qb4+
Kc8 41. Bxc7 Kxc7 42. Qf4+ Rd6 43. Qe5 Rd8 44. c4 Kb7 45. Qb2+ Kc7 46. c5 Re6
47. Qb6+ Kc8 48. Qa6+ Kc7 49. Qa7+ Kc8 50. Kg2 Rd7 51. Qa8+ Kc7 52. Qa5+ Kb7 53.
Qb6+ Kc8 54. Qa6+ Kd8 55. Qb6+ Ke7 56. Qb8 Rf6 57. Qe5+ Kf7 58. Kf3 g5 59. h4 h6
60. hxg5 hxg5 61. Ke3 Re6 62. Qxe6+ Kxe6 63. f4 gxf4+ 64. Kxf4 Rd3 65. g4 Rd4+ 0-1

[Event "FSFMB December 2011"]
[Site "Budapest HUN"]
[Date "2011.12.08"]
[Round "6"]
[White "Wanger,T"]
[Black "Csetneki,M"]
[Result "1/2-1/2"]
[WhiteElo "1846"]
[BlackElo "1679"]
[WhiteFideId "740454"]
[BlackFideId "748498"]
[EventDate "2011.12.03"]

1. d4 d5 2. c4 c6 3. Nf3 Nf6 4. Nc3 dxc4 5. a4 Bf5 6. e3 e6 7. Bxc4 Bb4 8. O-O
O-O 9. Qe2 Ne4 10. Nxe4 Bxe4 11. Rd1 Nd7 12. Bd2 Bxd2 13. Nxd2 Bg6 14. Bb3 Nf6
15. Nc4 Bh5 16. f3 Nd5 17. Qf2 Qg5 18. Re1 Rad8 19. Rad1 Bg6 20. Ne5 Qe7 21.
Nxg6 hxg6 22. e4 Nc7 23. Qe3 Qb4 24. Qc3 Na6 25. Bc4 Qxa4 26. Ra1 Qb4 27. Bxa6
Qxc3 28. bxc3 bxa6 29. Rxa6 c5 30. dxc5 Rc8 31. c6 Rc7 32. Rb1 Rfc8 33. Rb7 Rxc6
34. Raxa7 Rf8 35. Rc7 Rxc7 36. Rxc7 Rb8 37. Rd7 Rc8 38. Rd3 Kf8 39. Kf2 Ke7 40.
Ke2 Ra8 41. Rd2 Ra4 42. g3 g5 43. Ke3 Rc4 44. Kd3 Ra4 45. Rb2 Kf6 46. Kc2 Ra3
47. Kd3 Ra4 48. Rc2 Ke7 49. Ke3 Kf6 50. f4 g4 51. c4 e5 52. c5 Ra3+ 53. Kd2 Ra7
54. c6 Rc7 55. Ke3 Ke6 56. fxe5 Kxe5 57. Rc5+ Kd6 58. Kd4 f6 59. Rd5+ Kxc6 60.
Rc5+ Kd6 61. Rxc7 Kxc7 62. Ke3 g5 63. Kd3 Kd7 1/2-1/2

[Event "FSFMB December 2011"]
[Site "Budapest HUN"]
[Date "2011.12.09"]
[Round "7"]
[White "Csetneki,M"]
[Black "Mayer,I"]
[Result "1-0"]
[BlackTitle "FM"]
[WhiteElo "1679"]
[BlackElo "2031"]
[WhiteFideId "748498"]
[BlackFideId "700908"]
[EventDate "2011.12.03"]

1. d4 d5 2. c4 dxc4 3. Nf3 g6 4. Bf4 Bg7 5. e3 Nf6 6. Bxc4 O-O 7. O-O c5 8. Nc3
Bg4 9. dxc5 Qa5 10. Qb3 Nc6 11. Qxb7 Qxc5 12. Qb5 Qxb5 13. Bxb5 Bxf3 14. gxf3
Rac8 15. Ba6 Rcd8 16. Bb5 Nb4 17. a3 Nbd5 18. Be5 Ne8 19. Nxd5 Rxd5 20. Bxg7
Nxg7 21. Ba4 Rb8 22. Rfd1 Rg5+ 23. Kf1 Ne6 24. b4 a5 25. bxa5 Rxa5 26. Bc2 Kg7
27. Rd7 Kf6 28. Be4 Nc5 29. Rc7 Rb2 30. Rc1 Nb3 31. R1c2 Rb1+ 32. Ke2 Ra1 33.
R7c3 Rb5 34. Bd3 Rb6 35. Bc4 Nc5 36. Ba2 Nb7 37. Rc6+ Rxc6 38. Rxc6+ Nd6 39. Rc2
e6 40. a4 Ke7 41. Rc7+ Kd8 42. Rc2 e5 43. Rd2 Ke7 44. Rc2 f5 45. Rc7+ Kd8 46.
Rc2 Kd7 47. Rd2 g5 48. Bc4 Ke7 49. Bb5 Rb1 50. Rd5 Ke6 51. Rc5 h5 52. Bc4+ Kd7
53. Bb5+ Nxb5 54. axb5 Kd6 55. Rc6+ Kd5 56. Rh6 h4 57. Rg6 Rxb5 58. Rxg5 Rb2+
59. Kf1 h3 60. Rxf5 Rb1+ 61. Ke2 Rh1 62. Rh5 Rxh2 63. f4 1-0

[Event "FSFMB December 2011"]
[Site "Budapest HUN"]
[Date "2011.12.09"]
[Round "7"]
[White "Takacs,K"]
[Black "Wanger,T"]
[Result "1/2-1/2"]
[WhiteElo "1788"]
[BlackElo "1846"]
[WhiteFideId "741833"]
[BlackFideId "740454"]
[EventDate "2011.12.03"]

1. Nf3 Nf6 2. g3 d5 3. Bg2 c5 4. O-O Nc6 5. d3 e5 6. e4 d4 7. Nbd2 Be7 8. a4 h6
9. Nc4 Nd7 10. Nfd2 O-O 11. f4 Bf6 12. Nf3 Qc7 13. h3 Re8 14. fxe5 Ndxe5 15. Bf4
Qe7 16. Ncxe5 Nxe5 17. Nxe5 Bxe5 18. Qh5 f6 19. Rf2 Bd7 20. b3 b6 21. Raf1 a6
22. Bf3 Red8 23. Bxe5 Qxe5 24. Qxe5 fxe5 25. Kg2 Rf8 26. h4 g6 27. g4 g5 28. Rh1
Kg7 29. h5 b5 30. axb5 axb5 31. Rhf1 Be6 32. Rb1 Rf4 33. Kg3 Raf8 34. Rbf1 R8f6
35. Be2 Rxf2 36. Rxf2 Rxf2 37. Kxf2 Kf7 38. Ke1 Ke7 39. Kd2 Kd6 40. Kc1 c4 41.
b4 Kc6 42. Kb2 Kb6 43. Kc1 cxd3 44. cxd3 Kc6 45. Kc2 Kc7 46. Bf3 Kb6 47. Kb2 Bf7
48. Be2 1/2-1/2

[Event "FSFMB December 2011"]
[Site "Budapest HUN"]
[Date "2011.12.09"]
[Round "7"]
[White "Breen,Anthony"]
[Black "Mihajlova,D"]
[Result "1-0"]
[WhiteElo "1659"]
[BlackElo "1454"]
[WhiteFideId "2503174"]
[BlackFideId "468444"]
[EventDate "2011.12.03"]

1. d4 Nf6 2. c4 e5 3. dxe5 Ne4 4. a3 b6 5. Nf3 Bb7 6. Qc2 Nc6 7. Qxe4 Na5 8. Qc2
Bxf3 9. exf3 Nc6 10. f4 d6 11. g3 Nd4 12. Qe4 dxe5 13. Be3 Bc5 14. Bg2 O-O 15.
fxe5 Nb3 16. Bxc5 bxc5 17. Qxa8 Qe7 18. Ra2 Nc1 19. Nc3 Nd3+ 20. Kf1 Rxa8 1-0

[Event "FSFMB December 2011"]
[Site "Budapest HUN"]
[Date "2011.12.09"]
[Round "7"]
[White "Naghib,P"]
[Black "Jones,Peter"]
[Result "1/2-1/2"]
[WhiteElo "1653"]
[BlackElo "1377"]
[WhiteFideId "12511200"]
[BlackFideId "3214214"]
[EventDate "2011.12.03"]

1. e4 g6 2. d4 Bg7 3. c4 c6 4. Nf3 e6 5. Nc3 Ne7 6. Be3 d5 7. cxd5 cxd5 8. exd5
Nxd5 9. Bg5 Qa5 10. Qa4+ Qxa4 11. Nxa4 Nb4 12. Rc1 N8c6 13. a3 Nd5 14. Bb5 Bd7
15. Nc5 a6 16. Ba4 b5 17. Bb3 Nxd4 18. Bxd5 exd5 19. Nxd4 Bxd4 20. Nxd7 Kxd7 21.
O-O Rac8 22. Rcd1 Bxb2 23. Rxd5+ Kc7 24. Bf4+ Kc6 25. Rfd1 1/2-1/2

[Event "FSFMB December 2011"]
[Site "Budapest HUN"]
[Date "2011.12.09"]
[Round "7"]
[White "Lukacs,Albert"]
[Black "Shan,H"]
[Result "1-0"]
[WhiteElo "1715"]
[BlackElo "1567"]
[WhiteFideId "767190"]
[BlackFideId "700401"]
[EventDate "2011.12.03"]

1. e4 e6 2. d4 d5 3. exd5 exd5 4. Bd3 Nc6 5. Nf3 Nf6 6. O-O Bg4 7. c3 Be7 8. Re1
O-O 9. h3 Bh5 10. Bf4 h6 11. Nbd2 Re8 12. Qc2 Bd6 13. Ne5 Bxe5 14. dxe5 Nd7 15.
g4 Qh4 16. Bg3 Qxh3 17. gxh5 Qxh5 18. e6 Rxe6 19. Rxe6 fxe6 20. Bg6 Qg4 21. Bh7+
Kh8 22. Qg6 Qxg6 23. Bxg6 Nce5 24. Bc2 Re8 25. Re1 Nc6 26. Bg6 Re7 27. Nf3 e5
28. b4 e4 29. Nh4 Nce5 30. Bh5 Nf6 31. Ng6+ Nxg6 32. Bxg6 Kg8 33. Rd1 c6 34. c4
e3 35. fxe3 Rxe3 36. Bb8 Rc3 37. cxd5 Nxd5 38. Kf2 Ra3 39. Rd2 Re3 40. Rxd5 1-0

[Event "FSFMB December 2011"]
[Site "Budapest HUN"]
[Date "2011.12.09"]
[Round "7"]
[White "Engelbrecht,I"]
[Black "Somogyi,Akos"]
[Result "1-0"]
[WhiteElo "1651"]
[BlackElo "1258"]
[WhiteFideId "733563"]
[BlackFideId "763330"]
[EventDate "2011.12.03"]

1. e4 c5 2. Bc4 e6 3. Nc3 Ne7 4. Qe2 d5 5. exd5 exd5 6. Bxd5 Qd6 7. d3 Be6 8.
Bxb7 Bd7 9. Bxa8 Bc6 10. Bxc6+ Nxc6 11. Nf3 Nd4 12. Nxd4 cxd4 13. Ne4 Qe6 14.
O-O f5 15. Ng3 Qxe2 16. Nxe2 Nd5 17. Nxd4 Kd7 18. Nxf5 g6 19. Ne3 Nxe3 20. Bxe3
Bd6 21. Rfe1 Re8 22. Re2 a6 23. Rae1 h5 24. h4 Kd8 25. Bg5+ Be7 26. Rxe7 Rxe7
27. Rxe7 Kc8 28. Kf1 Kb8 29. Ke2 Kc8 30. Ke3 Kb8 31. Kd4 Kc8 32. Kc5 Kb8 33. Kc6
Kc8 34. Re8# 1-0

[Event "FSFMB December 2011"]
[Site "Budapest HUN"]
[Date "2011.12.10"]
[Round "8"]
[White "Mayer,I"]
[Black "Somogyi,Akos"]
[Result "1-0"]
[WhiteTitle "FM"]
[WhiteElo "2031"]
[BlackElo "1258"]
[WhiteFideId "700908"]
[BlackFideId "763330"]
[EventDate "2011.12.03"]

1. e4 c5 2. Nf3 d6 3. Bc4 Nc6 4. O-O Nf6 5. Re1 e5 6. c3 Bg4 7. d3 h6 8. Qb3 Qe7
9. Nfd2 Be6 10. Bd5 Bxd5 11. exd5 Nd8 12. d4 cxd4 13. cxd4 Qc7 14. Nc3 Be7 15.
Nb5 Qb6 16. Nc4 1-0

[Event "FSFMB December 2011"]
[Site "Budapest HUN"]
[Date "2011.12.10"]
[Round "8"]
[White "Shan,H"]
[Black "Engelbrecht,I"]
[Result "1-0"]
[WhiteElo "1567"]
[BlackElo "1651"]
[WhiteFideId "700401"]
[BlackFideId "733563"]
[EventDate "2011.12.03"]

1. d4 d5 2. Bf4 Nf6 3. e3 g6 4. Nf3 Bg7 5. h3 O-O 6. Be2 Nbd7 7. c4 c6 8. Nc3 b6
9. O-O Bb7 10. cxd5 cxd5 11. Rc1 a6 12. Qb3 Nb8 13. Na4 b5 14. Nc5 Bc8 15. a4
bxa4 16. Nxa4 Nbd7 17. Bc7 Qe8 18. Nb6 Nxb6 19. Qxb6 Nd7 20. Qc6 Ra7 21. Qxd5
Nf6 22. Qc5 Rb7 23. b4 Ne4 24. Qa5 Qd7 25. Bxa6 Ra7 26. Bxc8 1-0

[Event "FSFMB December 2011"]
[Site "Budapest HUN"]
[Date "2011.12.10"]
[Round "8"]
[White "Jones,Peter"]
[Black "Lukacs,Albert"]
[Result "0-1"]
[WhiteElo "1377"]
[BlackElo "1715"]
[WhiteFideId "3214214"]
[BlackFideId "767190"]
[EventDate "2011.12.03"]

1. d4 d5 2. Bf4 Nf6 3. Nf3 e6 4. a3 c5 5. e3 Nc6 6. c3 c4 7. Ne5 Nxe5 8. Bxe5
Bd6 9. f4 Bxe5 10. fxe5 Ne4 11. g3 Qg5 12. Qf3 f6 13. Nd2 Nxd2 14. Kxd2 fxe5 15.
h4 Qg6 16. dxe5 Rf8 17. Qg2 Bd7 18. Be2 Ba4 19. Rac1 Qf5 20. Rhf1 Qxe5 21. Rxf8+
Kxf8 22. Rf1+ Kg8 23. Bg4 Rf8 24. Rxf8+ Kxf8 25. Qf3+ Ke7 26. Bh5 Be8 27. Bg4
Bg6 28. h5 Bf5 29. h6 g6 30. Bxf5 Qxf5 31. Qxf5 gxf5 32. Ke2 Kf6 33. Kf3 Kg5 34.
a4 a5 35. e4 dxe4+ 36. Ke3 e5 0-1

[Event "FSFMB December 2011"]
[Site "Budapest HUN"]
[Date "2011.12.10"]
[Round "8"]
[White "Wanger,T"]
[Black "Breen,Anthony"]
[Result "1-0"]
[WhiteElo "1846"]
[BlackElo "1659"]
[WhiteFideId "740454"]
[BlackFideId "2503174"]
[EventDate "2011.12.03"]

1. d4 d5 2. c4 e6 3. Nc3 Nf6 4. Bg5 Nbd7 5. e3 c6 6. Nf3 Qa5 7. Bxf6 Nxf6 8. Bd3
Bb4 9. Qb3 dxc4 10. Bxc4 Ne4 11. Rc1 O-O 12. O-O Bxc3 13. bxc3 b6 14. Rfe1 Bb7
15. Bxe6 Nf6 16. Bc4 Qh5 17. Be2 Qg6 18. Ne5 Qg5 19. Bf3 1-0

[Event "FSFMB December 2011"]
[Site "Budapest HUN"]
[Date "2011.12.10"]
[Round "8"]
[White "Csetneki,M"]
[Black "Takacs,K"]
[Result "0-1"]
[WhiteElo "1679"]
[BlackElo "1788"]
[WhiteFideId "748498"]
[BlackFideId "741833"]
[EventDate "2011.12.03"]

1. d4 Nf6 2. c4 g6 3. Nc3 Bg7 4. e4 d6 5. Bd3 O-O 6. Nge2 c5 7. d5 Nbd7 8. O-O
Ne5 9. Ng3 Nxd3 10. Qxd3 h5 11. h3 Nd7 12. f4 a6 13. a3 b5 14. cxb5 axb5 15.
Nxb5 Ba6 16. a4 c4 17. Qb1 Qb6+ 18. Kh2 Bxb5 19. axb5 Rxa1 20. Qxa1 Qxb5 21. Rf2
Nc5 22. Qb1 h4 23. Nf1 Nd3 24. Rc2 c3 25. b3 Nb4 26. Rf2 c2 27. Rxc2 Nxc2 28.
Qxc2 Qxf1 0-1

[Event "47th American Open"]
[Site "Orange USA"]
[Date "2011.11.24"]
[Round "1"]
[White "Khachiyan,M"]
[Black "Breckenridge,S"]
[Result "1-0"]
[WhiteTitle "GM"]
[WhiteElo "2474"]
[BlackElo "2209"]
[WhiteFideId "13300512"]
[BlackFideId "2043700"]
[EventDate "2011.11.24"]
[EventType "swiss"]

1. e4 e5 2. Nf3 Nc6 3. Bc4 Nf6 4. d3 Be7 5. O-O O-O 6. Re1 d6 7. c3 h6 8. Bb3
Nh7 9. Nbd2 Ng5 10. Nf1 Bg4 11. Bxg5 Bxg5 12. h3 Bxf3 13. Qxf3 Qf6 14. Qe2 g6
15. Ne3 Ne7 16. g3 h5 17. Ng2 Bh6 18. Rf1 Kg7 19. f4 Ng8 20. Rf2 Qe7 21. Raf1
exf4 22. Nxf4 c6 23. Nxh5+ gxh5 24. Rxf7+ Rxf7 25. Rxf7+ Qxf7 26. Bxf7 Kxf7 27.
Qxh5+ Ke7 28. g4 Be3+ 29. Kg2 Nf6 30. Qf5 Re8 31. h4 Nd7 32. g5 Bc1 33. Qf2 Rf8
34. Qxa7 Bxb2 35. Qxb7 Bxc3 36. Qxc6 Be1 37. e5 dxe5 38. Qe4 Bc3 39. h5 Rf4 40.
Qh7+ Rf7 41. Qg8 Rf8 42. Qg6 Nc5 43. h6 Ne6 44. Qh7+ Rf7 45. Qg8 Rf8 46. h7 e4
47. dxe4 Bg7 48. a4 1-0

[Event "47th American Open"]
[Site "Orange USA"]
[Date "2011.11.24"]
[Round "1"]
[White "Dorobanov,S"]
[Black "Amanov,Z"]
[Result "1/2-1/2"]
[WhiteTitle "FM"]
[BlackTitle "IM"]
[WhiteElo "2301"]
[BlackElo "2411"]
[WhiteFideId "2011220"]
[BlackFideId "13700189"]
[EventDate "2011.11.24"]
[EventType "swiss"]

1. Nf3 c5 2. c4 g6 3. Nc3 Bg7 4. g3 Nc6 5. Bg2 e5 6. d3 Nge7 7. Nd2 d6 8. Nf1
O-O 9. Ne3 f5 10. Ned5 Nxd5 11. Nxd5 Rb8 12. O-O Be6 13. Rb1 Qd7 14. b4 cxb4 15.
Nxb4 Nxb4 16. Rxb4 b5 17. cxb5 Rxb5 18. Rxb5 Qxb5 19. Be3 Qa6 20. Qb1 f4 21. Bd2
Bxa2 22. Qb4 fxg3 23. hxg3 Bf7 24. Bc3 Qc8 25. Ra1 Qc7 26. Ra6 Rc8 27. Rc6 Qxc6
28. Bxc6 Rxc6 29. Qa5 h6 30. Bd2 a6 31. Qd8+ Kh7 32. Bb4 d5 33. Qd7 Rc1+ 34. Kh2
Kg8 35. Qd8+ Kh7 36. Qd7 Kg8 1/2-1/2

[Event "47th American Open"]
[Site "Orange USA"]
[Date "2011.11.24"]
[Round "1"]
[White "Phillips,Jeff"]
[Black "Peters,Ja"]
[Result "0-1"]
[BlackTitle "IM"]
[WhiteElo "2111"]
[BlackElo "2360"]
[WhiteFideId "2051907"]
[BlackFideId "2000229"]
[EventDate "2011.11.24"]
[EventType "swiss"]

1. b3 e5 2. Bb2 Nc6 3. e3 Nf6 4. g3 d5 5. Bg2 Bg4 6. Ne2 h5 7. h3 Be6 8. d3 Qd7
9. Nd2 Bd6 10. a3 Ng8 11. c4 Nge7 12. Qc2 dxc4 13. Nxc4 O-O 14. Rd1 Rad8 15. Nc3
Ng6 16. Nxd6 cxd6 17. b4 f5 18. Qe2 h4 19. Qh5 Nce7 20. d4 Bb3 21. Rd2 f4 22.
Be4 fxe3 23. fxe3 Qe6 24. d5 Qf6 25. g4 Bc4 26. Kd1 Qf7 27. Rhh2 Bb3+ 28. Kc1
Qf1+ 29. Rd1 Bxd1 30. Nxd1 Rc8+ 31. Kd2 Rf6 32. g5 Rf5 33. Re2 Qxh3 34. Nf2 Rxf2
35. Rxf2 Rf8 36. Rxf8+ Nxf8 37. Qe8 Nf5 38. Kc2 Qxe3 39. Bd3 Qxg5 40. Qc8 Ne3+
41. Kb3 Qg2 42. Qxb7 h3 43. Bc1 Qg1 0-1

[Event "47th American Open"]
[Site "Orange USA"]
[Date "2011.11.24"]
[Round "2"]
[White "Perepelitsky,P"]
[Black "Dorobanov,S"]
[Result "1/2-1/2"]
[BlackTitle "FM"]
[WhiteElo "2101"]
[BlackElo "2301"]
[WhiteFideId "2023296"]
[BlackFideId "2011220"]
[EventDate "2011.11.24"]
[EventType "swiss"]

1. d4 d5 2. c4 c6 3. Nf3 Nf6 4. Nc3 a6 5. e3 b5 6. b3 Bg4 7. Be2 Nbd7 8. O-O e6
9. h3 Bf5 10. Bb2 Bd6 11. Nh4 O-O 12. Nxf5 exf5 13. Qc2 g6 14. Bf3 Rc8 15. Qd3
dxc4 16. bxc4 Nb6 17. cxb5 axb5 18. a4 Nc4 19. Bc1 Bb4 20. Na2 Be7 21. Rd1 Qd7
22. Qb3 Rb8 23. axb5 cxb5 24. Nb4 Bxb4 25. Qxb4 Nd5 26. Qb3 Rfc8 27. Bd2 Nxd2
28. Rxd2 Nb6 29. Rc2 Rxc2 30. Qxc2 Nc4 31. Be2 Nd6 1/2-1/2

[Event "47th American Open"]
[Site "Orange USA"]
[Date "2011.11.24"]
[Round "2"]
[White "Breckenridge,S"]
[Black "Akopyan,H"]
[Result "1-0"]
[BlackTitle "FM"]
[WhiteElo "2209"]
[BlackElo "2233"]
[WhiteFideId "2043700"]
[BlackFideId "2012014"]
[EventDate "2011.11.24"]
[EventType "swiss"]

1. e4 e5 2. Nf3 Nc6 3. Bb5 a6 4. Ba4 Nf6 5. O-O Be7 6. d3 b5 7. Bb3 d6 8. a4 b4
9. a5 Nb8 10. d4 exd4 11. c3 dxc3 12. bxc3 bxc3 13. Nxc3 O-O 14. h3 Bb7 15. Ng5
Bc6 16. Re1 h6 17. Nf3 Nh7 18. Bb2 Bd7 19. Nd5 Nc6 20. Qc2 Bf6 21. Nxf6+ Nxf6
22. Rad1 Rb8 23. e5 Ne8 24. exd6 Nxd6 25. Bc3 Ne7 26. Ne5 Bf5 27. Qa2 Bg6 28.
Bc4 Kh7 29. Bxa6 Ra8 30. Bb7 Rb8 31. a6 Nef5 32. Nc6 Qg5 33. Bd2 Qh5 34. Nxb8
Nxb7 35. a7 1-0

[Event "American Open G/60"]
[Site "Orange USA"]
[Date "2011.11.25"]
[Round "2"]
[White "Ortiz,E PHI"]
[Black "Friedel,J"]
[Result "0-1"]
[BlackTitle "GM"]
[WhiteElo "2316"]
[BlackElo "2523"]
[WhiteFideId "5201063"]
[BlackFideId "2017199"]
[EventDate "2011.11.25"]
[EventType "swiss (rapid)"]

1. d4 Nf6 2. c4 e6 3. Nf3 d5 4. Nc3 Bb4 5. Bg5 Nbd7 6. e3 c5 7. cxd5 exd5 8. Bd3
Qa5 9. Qc2 c4 10. Bf5 O-O 11. O-O Re8 12. Nd2 g6 13. Bh3 Kg7 14. Bh4 Nb6 15.
Bxc8 Raxc8 16. Rae1 Ne4 17. Ndxe4 dxe4 18. f3 Bxc3 19. bxc3 Qa4 20. Qb1 Qc6 21.
fxe4 Rxe4 22. Rf6 Qe8 23. Rf4 Rxe3 24. Bf6+ Kg8 25. Rff1 Nd5 26. Bg5 Rxe1 27.
Rxe1 Qd7 28. Qc1 Re8 29. Bh6 f6 30. h3 Rxe1+ 31. Qxe1 Kf7 32. Qg3 b5 33. Qb8 g5
34. Qh8 Kg6 35. Bf8 Nxc3 36. Qg8+ Kf5 37. Bc5 Nd5 38. Kf2 Nf4 39. g4+ Ke4 40.
Qa8+ Qd5 41. Qe8+ Kd3 42. Qe3+ Kc2 43. Qg3 Qe4 44. Bxa7 Kd2 45. Bc5 Qe1+ 0-1

[Event "47th American Open"]
[Site "Orange USA"]
[Date "2011.11.25"]
[Round "3"]
[White "Peters,Ja"]
[Black "Khachiyan,M"]
[Result "0-1"]
[WhiteTitle "IM"]
[BlackTitle "GM"]
[WhiteElo "2360"]
[BlackElo "2474"]
[WhiteFideId "2000229"]
[BlackFideId "13300512"]
[EventDate "2011.11.24"]
[EventType "swiss"]

1. e4 e5 2. Nf3 Nc6 3. Bb5 f5 4. Nc3 fxe4 5. Nxe4 Nf6 6. Qe2 d5 7. Nxf6+ gxf6 8.
d4 Bg7 9. dxe5 O-O 10. exf6 Qxf6 11. Qd1 Nd4 12. Qxd4 Qe7+ 13. Qe3 Qb4+ 14. c3
Qxb5 15. Nd4 Qa6 16. Qg5 Qc4 17. Be3 c5 18. Nb3 b6 19. Rd1 Bf5 20. Qh5 d4 21.
cxd4 Rae8 22. Qe2 Qxe2+ 23. Kxe2 Bg4+ 24. f3 Bh6 25. Rd3 c4 26. Kd2 Rxe3 27.
Rxe3 cxb3 28. axb3 Be6 29. b4 Rc8 30. Re1 Bb3 31. Kd3 Bc4+ 32. Kd2 Kf7 33. g3
Bxe3+ 34. Rxe3 Bd5 35. f4 Rc4 36. Ra3 Rxd4+ 37. Rd3 Rxd3+ 38. Kxd3 Ke6 39. Kd4
Bg2 40. h4 Kf5 0-1

[Event "47th American Open"]
[Site "Orange USA"]
[Date "2011.11.25"]
[Round "3"]
[White "Yanayt,E"]
[Black "Amanov,Z"]
[Result "0-1"]
[WhiteTitle "FM"]
[BlackTitle "IM"]
[WhiteElo "2259"]
[BlackElo "2411"]
[WhiteFideId "2020165"]
[BlackFideId "13700189"]
[EventDate "2011.11.24"]
[EventType "swiss"]

1. d4 Nf6 2. c4 e6 3. g3 Bb4+ 4. Bd2 c5 5. Bxb4 cxb4 6. Bg2 O-O 7. Nd2 d6 8.
Ngf3 Nc6 9. O-O Qb6 10. e3 e5 11. d5 Nb8 12. Qe2 Bg4 13. e4 Nbd7 14. Rfc1 Nc5
15. Qe3 Bxf3 16. Qxf3 a5 17. a4 Ne8 18. Qe3 Qc7 19. f4 exf4 20. gxf4 Nf6 21. Re1
Rfe8 22. Qd4 Nfd7 23. Bh3 f6 24. Re3 Nf8 25. b3 Ng6 26. Rf1 Re7 27. Kh1 Kh8 28.
Bf5 Nf8 29. Rh3 Kg8 30. Rg1 Rf7 31. Rhg3 Re8 32. Qf2 g6 33. Qg2 Rg7 0-1

[Event "47th American Open"]
[Site "Orange USA"]
[Date "2011.11.25"]
[Round "3"]
[White "Dorobanov,S"]
[Black "Kavutskiy,K"]
[Result "0-1"]
[WhiteTitle "FM"]
[WhiteElo "2301"]
[BlackElo "2303"]
[WhiteFideId "2011220"]
[BlackFideId "2026384"]
[EventDate "2011.11.24"]
[EventType "swiss"]

1. Nf3 Nf6 2. c4 e6 3. g3 b6 4. Bg2 Bb7 5. O-O Be7 6. d4 Na6 7. b3 c5 8. Bb2 O-O
9. d5 exd5 10. Nh4 Ne4 11. cxd5 Bf6 12. Bxf6 Qxf6 13. Na3 Rfe8 14. Nb5 Nb4 15.
Bxe4 Rxe4 16. f3 Rxh4 17. gxh4 Nxd5 18. Qd2 a6 19. e4 Bc6 20. Nd6 Qxd6 21. exd5
Qxd5 22. Qxd5 Bxd5 23. Rad1 Bc6 24. Rfe1 Kf8 25. Kf2 f6 26. f4 a5 27. a4 Re8 28.
Rxe8+ Kxe8 29. Ke3 d5 30. f5 d4+ 31. Kf4 Bd5 32. Rd3 Kf7 33. h5 Bc6 34. Rd1 Bb7
35. Rd2 Ba6 36. Ke4 Ke7 37. Kf4 Kf8 38. Ke4 Bb7+ 39. Kf4 Bd5 40. Rd3 Bf7 41. Ke4
Bxh5 42. Kd5 Ke7 43. Kc6 Be2 44. Rd2 d3 45. Kxb6 Kd6 46. Kxa5 Kc6 47. Ka6 g6 48.
a5 gxf5 49. Ka7 f4 50. Kb8 Kb5 51. Kb7 Kxa5 52. Kc6 Kb4 0-1

[Event "47th American Open"]
[Site "Orange USA"]
[Date "2011.11.25"]
[Round "3"]
[White "Zavadsky,P1"]
[Black "Perepelitsky,P"]
[Result "1-0"]
[WhiteElo "2283"]
[BlackElo "2101"]
[WhiteFideId "14901587"]
[BlackFideId "2023296"]
[EventDate "2011.11.24"]
[EventType "swiss"]

1. e4 d6 2. d4 Nf6 3. Nc3 g6 4. Nf3 Bg7 5. Be2 O-O 6. O-O Bg4 7. Be3 Nc6 8. d5
Bxf3 9. Bxf3 Ne5 10. Be2 c6 11. f4 Ned7 12. dxc6 bxc6 13. Bf3 Qc7 14. Qd2 Nb6
15. b3 Nfd7 16. Rad1 f5 17. exf5 gxf5 18. Ne2 d5 19. a4 Nf6 20. a5 Nc8 21. Bd4
Nd6 22. Be5 Qd7 23. Bxf6 Bxf6 24. c4 dxc4 25. bxc4 Qc7 26. Nd4 Bxd4+ 27. Qxd4
Rad8 28. Qe5 Rd7 29. Qe6+ Kh8 30. c5 1-0